000 00283nam a22001337a 4500
008 170413b xxu||||| |||| 00| 0 eng d
020 _a9786082295121
041 _aALB
080 _aV
100 _a10
101 _aSHM
245 _aPRODHIMI I VERES
_cVAJN, R.P
942 _2udc
_cBK
999 _c10682
_d10682